Der Jäger und Jagdbetrieb /

Uložené v:
Podrobná bibliografia
Hlavní autori: Eggeling, Friedrich Karl von (Author), Uhde, Heinrich (Author)
Médium: Kniha
Jazyk:German
Vydané: Hamburg ; Berlin : Verlag Paul Parey, 1986
Vydanie:1. Aufl.
Edícia:Lehrbuch Jägerprüfung Bd. 3
ISBN: 3490275128 (brož.)
Fyzický popis: 222 s.
Tagy: Pridať tag
Žiadne tagy, Buďte prvý kto otaguje tento záznam!

MARC

LEADER 00000nam a2200000 a 4500
001 000279708
005 20061023162356.0
008 061023s1986 gw e 000 0 gero
020 |a 3490275128 (brož.) 
040 |a SVKKK  |b slo  |c SVKKK  |e AACR2 
041 0 |a ger 
044 |a gw  |c DE 
100 1 |a Eggeling, Friedrich Karl von  |4 aut 
245 1 0 |a Der Jäger und Jagdbetrieb /  |c Friedrich Karl von Eggeling, Heinrich Uhde 
250 |a 1. Aufl. 
260 |a Hamburg ;  |a Berlin :  |b Verlag Paul Parey,  |c 1986 
300 |a 222 s. 
440 0 |a Lehrbuch Jägerprüfung  |v Bd. 3 
700 1 |a Uhde, Heinrich  |4 aut 
919 |a 3-490-27512-8 
998 |a BK 
090 |g SCKHL  |k Sklad Pribinova prízemie  |a IV.151727  |j 781725  |i 2720141698  |s Absenčne